Normal view
MARC view
- Gómez Palacios, José Joaquín
Entry Nombre Personal
001 - NUMERO DE CONTROL
- campo de control: 28879
003 - IDENTIFICADOR DE NUMERO DE CONTROL
- campo de control: UPN
005 - FECHA Y HORA DE LA ÜLTIMA TRANSACCIÓN
- campo de control: 20210219194358.0
008 - DATOS DE LONGITUD FIJA
- campo de control de longitud fija: nabaccnnaabn|||||||||| b |nc|||||d
035 ## - NUMERO DE CONTROL
- Número de control: UPN11000000985
040 ## - FUENTE DE CATALOGACIÓN
- Lenguaje de catalogación: SPA
- Agencia de transcripción: UPN
100 1# - ENCABEZAMIENTO - NOMBRE PERSONAL
- Nombre personal: Gómez Palacios, José Joaquín
670 ## - FUENTE EN LA QUE SE LOCALIZARON DATOS
- Cita de la fuente: T
- Información localizada: Educar para la paz : materiales para una educación en la paz
902 ## - CATALOGADOR
- Catalogador: DAA/ 140208
